000 00591nam a22001817a 4500
999 _c189446
_d189446
005 20220701104323.0
010 _aENG-132966
020 _a9789352805723
_c395.00
035 _aEN-116498
037 _bDBAD/PUB
082 _a158
100 _aRosting, Anne-Mette
245 _aThe Law of Possibilities:
_bHow To get What You Want/
_cAnne-Mette Rosting
260 _aNew Delhi
_bSage Publications India Pvt. Ltd
_c2018
270 _aB1/I-1, Mohan Cooperative Industrial Area Mathura Road
_bNew Delhi
_e110044
300 _a196p.
_c22cm(pbk)
942 _2ddc
_cEN
_h158
_mROS